000 00635nam a22002417a 4500
003 UA-OsUOA
001 65697
007 ta
008 20091207b un ||||| |||| 00| 0 ukr d
100 _aШило А.
090 _a821.161.2-1
_bШ59
942 _cBK
040 _aUA-OsUOA
_bukr
_cUA-OsUOA
_dUA-OsUOA
245 _a"Не ховай усміхнених очей..."
300 _a85 с.
955 _a2
041 _aukr
080 _a821.161.2-1
020 _a5-87332-133-7
260 _aЛьвів
_bФенікс
_c2001
650 7 _a82 Література. Літературознавство
_2UDC
999 _c351882
_d351882